All FIFA20 players with rating 83 or higher - Statistics

General Stats
  • This quiz has been taken 130 times
  • The average score is 100 of 215
Answer Stats
Name Rating Country Club % Correct
Cristiano Ronaldo 93 Portugal Juventus
100%
Lionel Messi 94 Argentina FC Barcelona
100%
Neymar 92 Brazil PSG
100%
Luka Modric 90 Croatia Real Madrid
98%
Mohammed Salah 90 Egypt Liverpool
98%
Kevin De Bruyne 91 Belgium Manchester City
96%
Virgil Van Dijk 90 Netherlands Liverpool
96%
Eden Hazard 91 Belgium Real Madrid
94%
Jan Oblak 91 Slovenia Atletico Madrid
93%
Kylian Mbappe 89 France PSG
93%
Luis Suarez 89 Uruguay FC Barcelona
93%
Sadio Mane 88 Senegal Liverpool
93%
David De Gea 89 Spain Manchester United
90%
Harry Kane 89 England Tottenham Hotspur
90%
Marc-Andre ter Stegen 90 Germany FC Barcelona
90%
Robert Lewandowski 89 Poland FC Bayern
88%
Toni Kroos 88 Germany Real Madrid
87%
N'Golo Kante 89 France Chelsea
85%
Paul Pogba 88 France Manchester United
85%
Sergio Aguero 89 Argentina Manchester City
85%
Christian Eriksen 88 Denmark Tottenham Hotspur
84%
Edinson Cavani 88 Uruguay PSG
84%
Roberto Firmino 86 Brazil Liverpool
84%
Sergio Ramos 89 Spain Real Madrid
83%
David Silva 88 Spain Manchester City
80%
Heung Min Son 87 Korea Republic Tottenham Hotspur
80%
Hugo Lloris 88 France Tottenham Hotspur
80%
Kalidou Koulibaly 89 Senegal Napoli
80%
Antoine Griezmann 89 France FC Barcelona
79%
Bernardo Silva 87 Portugal Manchester City
79%
Manuel Neuer 88 Germany FC Bayern
79%
Pierre-Emerick Aubameyang 88 Gabon Arsenal
79%
Raheem Sterling 88 England Manchester City
79%
Sergio Busquets 89 Spain FC Barcelona
78%
Marco Reus 88 Germany Borussia Dortmund
77%
Thiago Silva 87 Brazil PSG
77%
Thibaut Courtois 88 Belgium Real Madrid
77%
Gerrard Pique 88 Spain FC Barcelona
76%
Paulo Dybala 88 Argentina Juventus
74%
Giorgio Chiellini 89 Italy Juventus
73%
Karim Benzema 87 France Real Madrid
72%
Ederson 88 Brazil Manchester City
71%
Samir Handanovic 88 Slovenia Inter
68%
Angel Di Maria 86 Argentina PSG
67%
Thomas Muller 86 Germany FC Bayern
67%
Alisson Becker 89 Brazil Liverpool
66%
Gareth Bale 85 Wales Real Madrid
66%
Jordi Alba 87 Spain FC Barcelona
66%
Keylor Navas 87 Costa Rica PSG
66%
Ivan Rakitic 86 Croatia FC Barcelona
65%
Leroy Sane 86 Germany Manchester City
65%
Thiago 87 Spain FC Bayern
65%
Alexandre Lacazette 86 France Arsenal
63%
Andy Robertson 85 Scotland Liverpool
63%
Miralem Pjanic 86 Bosnia & Herzegovina Juventus
63%
Diego Godin 88 Uruguay Inter
62%
Joshua Kimmich 86 Germany FC Bayern
62%
Leonardo Bonucci 86 Italy Juventus
62%
Mats Hummels 87 Germany Borussia Dortmund
62%
Casemiro 87 Brazil Real Madrid
61%
Ciro Immobile 86 Italy Lazio
61%
Fabinho 85 Brazil Liverpool
61%
Marco Verratti 86 Italy PSG
61%
Matthijs De Ligt 85 Netherlands Juventus
61%
Raphael Varane 85 France Real Madrid
61%
Samuel Umtiti 86 France FC Barcelona
61%
Jan Vertonghen 87 Belgium Tottenham Hotspur
60%
Marcelo 85 Brazil Real Madrid
60%
Zlatan Ibrahimovic 85 Sweden Los Angeles Galaxy
60%
Aymeric Laporte 87 France Manchester City
59%
Lorenzo Insigne 87 Italy Napoli
59%
Riyad Mahrez 84 Algeria Manchester City
59%
Romelu Lukaku 85 Belgium Inter
59%
David Alaba 85 Austria FC Bayern
57%
Dries Mertens 87 Belgium Napoli
57%
Fernandinho 87 Brazil Manchester City
57%
Ousmane Dembele 84 France FC Barcelona
57%
Frenkie De Jong 85 Netherlands FC Barcelona
56%
Mesut Ozil 84 Germany Arsenal
55%
Rodri 85 Spain Manchester City
55%
Toby Alderweireld 87 Belgium Tottenham Hotspur
55%
Jadon Sancho 84 England Borussia Dortmund
54%
Kyle Walker 84 England Manchester City
54%
Edin Dzeko 84 Bosnia & Herzegovina Roma
52%
James Rodriguez 85 Colombia Real Madrid
52%
Diego Costa 83 Spain Atletico Madrid
50%
Douglas Costa 84 Brazil Juventus
50%
Georgino Wijnaldum 84 Netherlands Liverpool
50%
Isco 86 Spain Real Madrid
50%
Serge Gnabry 84 Germany FC Bayern
50%
Sokratis 84 Greece Arsenal
50%
Arturo Vidal 84 Chile FC Barcelona
49%
Dani Carvajal 85 Spain Real Madrid
49%
Hakim Ziyech 85 Morocco Ajax
49%
Ilkay Gundogan 84 Germany Manchester City
49%
Nicolas Pepe 83 Ivory Coast Arsenal
49%
Pepe 84 Portugal FC Porto
49%
Trent Alexander-Arnold 83 England Liverpool
49%
Lucas Hernandez 84 France FC Bayern
48%
Marquinhos 86 Brazil PSG
48%
Memphis Depay 84 Netherlands Olympique Lyonnais
48%
Alejandro Gomez 85 Argentina Atalanta
46%
Clement Lenglet 85 France FC Barcelona
46%
Jordan Henderson 83 England Liverpool
46%
Koke 85 Spain Atletico Madrid
46%
Javi Martinez 84 Spain FC Bayern
45%
Jerome Boateng 84 Germany FC Bayern
45%
John Stones 83 England Manchester City
45%
Philippe Coutinho 86 Brazil FC Bayern
45%
Bruno Fernandes 85 Portugal Sporting CP
44%
Dusan Tadic 84 Serbia Ajax
44%
Jose Maria Gimenez 85 Uruguay Atletico Madrid
44%
Mauro Icardi 85 Argentina PSG
44%
Wojciech Szczesny 86 Poland Juventus
44%
Alvaro Morata 83 Spain Atletico Madrid
43%
Andres Iniesta 83 Spain Vissel Kobe
43%
Axel Witsel 85 Belgium Borussia Dortmund
43%
Alex Sandro 85 Brazil Juventus
41%
Davinson Sanchez 83 Colombia Tottenham Hotspur
41%
Gonzalo Higuain 85 Argentina Juventus
41%
Joao Cancelo 84 Portugal Manchester City
41%
Mario Mandzukic 84 Croatia Juventus
41%
Saul Niguez 85 Spain Atletico Madrid
41%
Kingsley Coman 84 France FC Bayern
40%
Nabil Fekir 84 France Real Betis
40%
Sergej Milinkovic-Savic 85 Serbia Lazio
40%
Arthur 84 Brazil FC Barcelona
39%
Anthony Martial 83 France Manchester United
38%
Felipe Anderson 84 Brazil West Ham
38%
Milan Skriniar 86 Slovakia Inter
38%
Niklas Sule 85 Germany FC Bayern
38%
Bernard Leno 84 Germany Arsenal
37%
Blaise Matuidi 85 France Juventus
37%
Jorginho 83 Italy Chelsea
37%
Daniel Parejo 86 Spain Valencia
35%
Gianluigi Buffon 83 Italy Juventus
35%
Juan Cuadrado 83 Colombia Juventus
35%
Kostas Manolas 85 Greece Napoli
35%
Luka Jovic 83 Serbia Real Madrid
35%
Gianluigi Donnarumma 85 Italy Milan
34%
Roman Burki 85 Switzerland Borussia Dortmund
34%
Stefan De Vrij 84 Netherlands Inter
34%
Yann Sommer 84 Switzerland Borussia Monchengladbach
34%
Allan 85 Brazil Napoli
33%
Ivan Perisic 84 Croatia FC Bayern
33%
Josip Ilicic 84 Slovenia Atalanta
33%
Corentin Tolisso 83 France FC Bayern
32%
Joao Moutinho 84 Portugal Wolverhampton Wanderers
32%
Felipe 84 Brazil Atletico Madrid
30%
Iago Aspas 85 Spain RC Celta
30%
Julian Draxler 83 Germany PSG
30%
Kai Havertz 84 Germany Bayer Leverkusen
30%
Kasper Schmeichel 83 Denmark Leicester City
30%
Luis Alberto 84 Spain Lazio
30%
Marco Asensio 83 Spain Real Madrid
30%
Sami Khedira 83 Germany Juventus
30%
Idrissa Gueye 83 Ghana PSG
29%
Neto 85 Brazil FC Barcelona
29%
Anthony Lopes 85 Portugal Olympique Lyonnais
27%
Cesar Azpilicueta 84 Spain Chelsea
27%
Radamel Falcao 83 Colombia Galatasaray
27%
Aaron Ramsey 83 Wales Juventus
26%
Arkadiusz Milik 83 Poland Napoli
26%
Paulinho 84 Brazil Guangzhou Evergrande
24%
Rui Patricio 83 Portugal Wolverhampton Wanderers
24%
Jose Callejon 84 Spain Napoli
23%
Julian Brandt 84 Germany Borussia Dortmund
23%
Nicolas Otamendi 83 Argentina Manchester City
23%
Adrien Rabiot 83 France Juventus
22%
Oscar 83 Brazil Shanghai SIPG
22%
Sebastian Haller 83 France West Ham
22%
Thomas Lemar 83 France Atletico Madrid
22%
Yannick Carrasco 83 Belgium Dalian Yifang
22%
Gylfi Sigurdsson 83 Iceland Everton
20%
Carlos Vela 83 Mexico Los Angeles FC
18%
Lukas Hradecky 83 Finland Bayer Leverkusen
18%
Péter Gulácsi 85 Hungary RB Leipzig
18%
Stephane Ruffier 84 France AS Saint-Etienne
18%
Wissam Ben Yedder 83 France AS Monaco
18%
Alessio Romagnoli 83 Italy Milan
17%
Florian Thauvin 83 France Olympique de Marseille
17%
Lucas Leiva 84 Brazil Lazio
17%
Pablo Sarabia 83 Spain PSG
17%
Paul Lopez 83 Spain Roma
17%
Radja Nainggolan 83 Belgium Cagliari
17%
Kevin Trapp 83 Germany Frankfurt
16%
Paco Alcacer 83 Spain Borussia Dortmund
16%
Salvatore Sirigu 84 Italy Torino
16%
Vincent Kompany 83 Belgium Anderlecht
16%
Visca 84 Bosnia & Herzegovina Basaksehir
16%
Fabian Ruiz 83 Spain Napoli
15%
Goncalo Guedes 83 Portugal Valencia
15%
Jasper Cillessen 83 Netherlands Valencia
15%
Koen Casteels 83 Belgium Wolfsburg
15%
Pizzi 84 Portugal SL Benfica
15%
Charles Aranguiz 83 Chile Bayer Leverkusen
13%
Iker Casillas 83 Spain FC Porto
13%
Lucas Digne 83 France Everton
13%
Raul Albiol 83 Spain Villareal
13%
Alex Telles 84 Brazil FC Porto
12%
Ever Banega 83 Argentina Sevilla
12%
Jonathan Tah 83 Germany Bayer Leverkusen
12%
Kevin Kampl 83 Slovenia RB Leipzig
11%
Max Kruse 83 Germany Fenerbahce
11%
Miranda 83 Brazil Jiangsu Suning
11%
Sergio Canales 84 Spain Real Betis
11%
Francesco Acerbi 83 Italy Lazio
10%
Rune Jarstein 83 Norway Hertha BSC
9%
William Carvalho 83 Portugal Real Betis
9%
Ezequiel Garay 83 Argentina Valencia
6%
Grimaldo 83 Spain SL Benfica
6%
Danilo Pereira 83 Portugal FC Porto
5%
Marc Bartra 83 Spain Real Betis
4%
Asier Illarramendi 83 Spain Real Sociedad
2%
Borja Iglesias 83 Spain Real Betis
1%
No matching quizzes found
Score Distribution
Percent of People with Each Score
Percentile by Number Answered
Your Score History
You have not taken this quiz